Az elmaradt vásárok

Podrobná bibliografia
Médium: Článok
Jazyk:Hungarian
Témy:
Zdroj: 1. Rozsnyói Hiradó 1. Roč. 36, č. 46 (09.11.1913) s. 3
LEADER 00875nab#a2200313#ar4500
001 000061697
003 SVKKK
005 19960311xxxxxxx.
008 06 c xo huno
FMT
038 |a SVKKK 
040 |a SVKKK  |b slo  |e AACR2 
041 0 |a hun 
044 |a xo  |c SK 
080 |a 339 
080 |a 394.6 
080 |a 614.4 
242 1 0 |a Zrušené jarmoky 
245 0 0 |a Az elmaradt vásárok 
650 0 4 |a Obchodná a priemyselná komora, Miškovec (MR) - žiadosť - Ministerstvo obchodu, Budapešť (MR) - jarmoky - organizácia - zákazy - cholera - epidémia - oblasti nepostihnuté - povolenie - správy 
773 0 |t Rozsnyói Hiradó  |g Roč. 36, č. 46 (09.11.1913) s. 3 
957 |a Budapešť (MR) 
957 |a Miškovec (MR) 
958 |a DG 
958 |a SK 
974 |a ebl  |d 19960311 
992 |a RBX 
BAS
998 |a RETRO